| 000 | 00000nam##2200000za#4500 |
| 001 | 9.620795 |
| 003 | CaOODSP |
| 005 | 20240212134142 |
| 007 | ta |
| 008 | 150406|1993||||xxc||||| f|0| 0 fre|d |
| 020 | |a0-662-98110-3 |
| 022 | |a1713-0646 |
| 040 | |aCaOODSP|bfre |
| 043 | |an-cn--- |
| 086 | 1 |aNE22-1/1993-6-1F |
| 110 | 1 |aCanada. |bOffice national de l'énergie. |
| 245 | 10|aDemandes de licences d'exportation de gaz naturel conformément à la Partie VI de la Loi sur l'Office national de l'énergie |
| 260 | |aCalgary - Alberta : |bOffice national de l'énergie |c1993. |
| 490 | 1 |aMotifs de décision |x1713-0646 |
| 691 | 07|aIndustrie pétrolière|2gcpds |
| 775 | 08|tApplications pursuant to Part VI of the National Energy Board Act for licences to export natural gas |w(CaOODSP)9.608717 |
| 776 | 0#|tMotifs de décision relativement à Canadian Hydrocarbons Marketing Inc., CanWest Gas Supply Inc., Enron Gas Marketing Inc., New York State Electric & Gas Corporation, Unigas Corporation. Volume 1, exportations de gaz : |w(CaOODSP)9.602767 |
| 830 | #0|aMotifs de décision (Canada. Office national de l'énergie)|x1713-0646|w(CaOODSP)9.513162 |